| 000 -CABECERA |
| Longitud fija campo de control |
00657nas a2200193 a 4500 |
| 003 - IDENTIFICADOR DEL NÚMERO DE CONTROL |
| Identificador del número de control |
CDMR |
| 005 - FECHA Y HORA DE LA ÚLTIMA TRANSACCIÓN |
| Fecha y hora de la última transacción |
20160307163816.0 |
| 008 - CÓDIGOS DE INFORMACIÓN DE LONGITUD FIJA |
| Códigos de información de longitud fija |
130130c1961||||-ukar|||||||| 00||||eng|d |
| 020 ## - NÚMERO INTERNACIONAL NORMALIZADO PARA LIBROS |
| Número Internacional Normalizado para Libros (ISBN) |
9780955548161 |
| 040 ## - FUENTE DE LA CATALOGACIÓN |
| Lengua de catalogación |
cat |
| Centro transcriptor |
CDMR |
| 245 00 - MENCIÓN DE TÍTULO |
| Título |
World Radio TV Handbook |
| Resto del título |
: WRTH : the directory of global broadcasting 2016 |
| 260 ## - PUBLICACIÓN, DISTRIBUCIÓN, ETC. (PIE DE IMPRENTA) |
| Fecha de publicación, distribución, etc. |
2015 |
| Nombre del editor, distribuidor, etc. |
WRTH Publications |
| Lugar de publicación, distribución, etc. |
Oxford |
| 300 ## - DESCRIPCIÓN FÍSICA |
| Extensión |
v. |
| Dimensiones |
22 cm |
| 500 ## - NOTA GENERAL |
| Nota general |
Volum 70 del manual, corresponent a l'any 2016 |
| 500 ## - NOTA GENERAL |
| Nota general |
Canvia l'ISBN a partir de l'any 2014. ISBN anterior: 9780955548154 |
| 650 04 - PUNTO DE ACCESO ADICIONAL DE MATERIA - TÉRMINO DE MATERIA |
| 9 (RLIN) |
2805 |
| Término de materia o nombre geográfico como elemento inicial |
Radiodifusió internacional |
| 650 04 - PUNTO DE ACCESO ADICIONAL DE MATERIA - TÉRMINO DE MATERIA |
| 9 (RLIN) |
3923 |
| Término de materia o nombre geográfico como elemento inicial |
Mitjans de comunicació de massa |
| Subdivisión de forma |
Directoris |
| 942 ## - ENTRADA DE ELEMENTOS AGREGADOS (KOHA) |
| Koha [por defecto] tipo de item |
Publicacions periòdiques |